Wird geladen...
Contemporary women writers in english
| Format: | Printed Book |
|---|---|
| Sprache: | English |
| Veröffentlicht: |
New Delhi :
Atlantic ,
1999.
|
| LEADER | 00458nam a22001337a 4500 | ||
|---|---|---|---|
| 008 | 160208b xxu||||| |||| 00| 0 eng d | ||
| 020 | |a 817568521 | ||
| 082 | |a 823.92 PAN/C | ||
| 245 | |a Contemporary women writers in english | ||
| 260 | |a New Delhi : |b Atlantic , |c 1999. | ||
| 300 | |a 170p. | ||
| 942 | |c BK | ||
| 999 | |c 192933 |d 192933 | ||
| 952 | |0 0 |1 0 |4 0 |6 823_920000000000000_PAN_C |7 0 |9 212956 |a ENG |b ENG |c ST1 |d 2016-02-08 |i 15759 |l 0 |o 823.92 PAN/C |p ENG15759 |r 2016-02-08 |w 2016-02-08 |y BK | ||